| 000 | 00631nam a2200229 a 4500 | ||
|---|---|---|---|
| 001 | 55621 | ||
| 003 | BD-RjUL | ||
| 005 | 20211209080306.0 | ||
| 008 | 161120s1966 ii | | 100 0 eng | ||
| 035 | _a(BD-RjUL)55744 | ||
| 040 |
_aDLC _cDLC _dm.c _dUkOxU _dBD-RjUL _beng |
||
| 041 | _aeng | ||
| 082 |
_223 _a658 _bAHI 1966 |
||
| 100 |
_aAhmed, Rafiq _9165703 |
||
| 245 | 1 | 0 |
_aIndustrial management / _cRafiq Ahmed |
| 250 | _a1st ed. | ||
| 260 |
_aHyderabad : _bDawn book house, _c1966. |
||
| 300 |
_a255 +86 p. : _bill. ; _c20 cm. |
||
| 504 | _aIncludes bibliography | ||
| 650 |
_aIndustrial management _9165710 |
||
| 942 |
_2ddc _cBK |
||
| 999 |
_c55621 _d55621 |
||